<?xml version="1.0" encoding="UTF-8"?>
<record
    xmlns:xsi="http://www.w3.org/2001/XMLSchema-instance"
    xsi:schemaLocation="http://www.loc.gov/MARC21/slim http://www.loc.gov/standards/marcxml/schema/MARC21slim.xsd"
    xmlns="http://www.loc.gov/MARC21/slim">

  <leader>01064nam a22002057a 4500</leader>
  <controlfield tag="005">20180803170132.0</controlfield>
  <controlfield tag="008">150706b2002    ck ||||| |||| 00| 0 spa d</controlfield>
  <datafield tag="040" ind1=" " ind2=" ">
    <subfield code="a">CO-BoIAVH</subfield>
    <subfield code="c">CO-BoIAVH</subfield>
  </datafield>
  <datafield tag="041" ind1=" " ind2=" ">
    <subfield code="a">spa</subfield>
  </datafield>
  <datafield tag="090" ind1=" " ind2=" ">
    <subfield code="a">AR</subfield>
  </datafield>
  <datafield tag="110" ind1=" " ind2=" ">
    <subfield code="a">Universidad Javeriana</subfield>
    <subfield code="9">35251</subfield>
  </datafield>
  <datafield tag="245" ind1=" " ind2=" ">
    <subfield code="a">La cultura como recurso en las pol&#xED;ticas de desarrollo rural: una lectura desde la globalizacion</subfield>
  </datafield>
  <datafield tag="260" ind1=" " ind2=" ">
    <subfield code="a">Colombia:</subfield>
    <subfield code="b">Universidad Javeriana,</subfield>
    <subfield code="c">2002.</subfield>
  </datafield>
  <datafield tag="300" ind1=" " ind2=" ">
    <subfield code="a">P 13 A 34</subfield>
  </datafield>
  <datafield tag="520" ind1=" " ind2=" ">
    <subfield code="a">An&#xE1;lisis del papel que la cultura esta desempe&#xF1;ando, dentro de las actuales pol&#xED;ticas de desarrollo rural en Espa&#xF1;a, explica la imbricaci&#xF3;n de las actuaciones sobre el patrimonio cultural con un nuevo discurso de desarrollo econ&#xF3;mico que contempla la cultura local como un recurso
</subfield>
  </datafield>
  <datafield tag="650" ind1=" " ind2=" ">
    <subfield code="a">Desarrollo rural</subfield>
    <subfield code="9">92673</subfield>
  </datafield>
  <datafield tag="773" ind1="0" ind2=" ">
    <subfield code="a">Universidad Javeriana, Ideade-det</subfield>
    <subfield code="d">Colombia: Universidad Javeriana Ideade-det, 2002-</subfield>
    <subfield code="o">029725</subfield>
    <subfield code="t">Ambiente y Desarrollo</subfield>
    <subfield code="x">0121-7607</subfield>
  </datafield>
  <datafield tag="856" ind1=" " ind2=" ">
    <subfield code="u">http://revistas.javeriana.edu.co/index.php/ambienteydesarrollo/issue/view/490</subfield>
  </datafield>
  <datafield tag="942" ind1=" " ind2=" ">
    <subfield code="2">z</subfield>
    <subfield code="c">ARTICULO</subfield>
  </datafield>
  <datafield tag="999" ind1=" " ind2=" ">
    <subfield code="c">17526</subfield>
    <subfield code="d">17526</subfield>
  </datafield>
</record>
